00849cam a22002411 4500001001300000003000400013005001700017008004100034010001700075035001900092040004700111042001200158050001400170060002300184082001300207100003500220245011900255260011600374300002400490504003100514650004500545999001700590med48001577 DLC20260227111611.0790120s1948 nyub b 001 0 eng c amed48001577  a(OCoLC)4568063 aU.S. Army Medical Libr.cInU-DdInU-DdDLC apremarc00aRK57b.G3 aWU 18.8 G162c 1948 a617.00761 aGallagher, Walter Neal,d1911-10aComplete dental review,ba general review for the practicing dentist and dental student preparing for examination. aBrooklyn,bDental Items of Interest Pub. Co.,aGreat Britain,bHenry Kimpton's Medical Publishing House,c1948. axii, 431 p.c25 cm. a"References" : p. 391-395. 0aDentistryxExaminations, questions, etc. c39050d39050